000 02178nam a2200373 a 4500
001 ebr10531474
003 CaPaEBR
006 m u
007 cr cn|||||||||
008 120131s2012 nju sb 001 0 eng d
010 _z 2012002025
020 _z9781118065075 (pbk.)
020 _z9781118206041 (e-book)
040 _aCaPaEBR
_cCaPaEBR
035 _a(OCoLC)775301828
050 1 4 _aPS3603.O4558
_bZ69 2012eb
082 0 4 _a813/.6
_223
245 0 4 _aThe Hunger games and philosophy
_h[electronic resource] :
_ba critique of pure treason /
_cedited by George A. Dunn and Nicolas Michaud.
260 _aHoboken, N.J. :
_bWiley,
_c2012.
300 _ax, 310 p.
490 1 _aThe Blackwell philosophy and pop culture series
504 _aIncludes bibliographical references and index.
505 0 _apt. 1. "Having an eye for beauty isn't necessarily a weakness": the art of resisting the capitol -- pt. 2. "We're fickle, stupid beings": hungering for morality in an immoral world -- pt. 3. "I am as radiant as the sun": the natural, the unnatural, and not-so-weird science -- pt. 4. "Peeta bakes. I hunt.": what Katniss can teach us about love, caring, and gender -- pt. 5. "As long as you can find yourself, you'll never starve": how to be yourself when it's all a big show -- pt. 6. "Here's some advice. stay alive.": a tribute's guide to the morality and logic of warfare -- pt. 7. "It must be very fragile if a handful of berries can bring it down": the political philosophy of Coriolanus Snow.
533 _aElectronic reproduction.
_bPalo Alto, Calif. :
_cebrary,
_d2011.
_nAvailable via World Wide Web.
_nAccess may be limited to ebrary affiliated libraries.
600 1 0 _aCollins, Suzanne
_xCriticism and interpretation.
600 1 0 _aCollins, Suzanne.
_tHunger Games.
650 0 _aPhilosophy in literature.
655 7 _aElectronic books.
_2local
700 1 _aDunn, George A.,
_d1957-
700 1 _aMichaud, Nicolas.
710 2 _aebrary, Inc.
830 0 _aBlackwell philosophy and popculture series.
856 4 0 _uhttp://site.ebrary.com/lib/rucke/Doc?id=10531474
_zAn electronic book accessible through the World Wide Web; click to view
999 _c234312
_d234312